[Event "Ciudad del Este op 1st"]
[Site "Ciudad del Este"]
[Date "2023.07.21"]
[Round "3"]
[White "Benitez Galeano, Alejandro"]
[Black "Perez Canete, Ivan"]
[Result "1-0"]
[WhiteElo "2161"]
[BlackElo "1630"]
[PlyCount "81"]
[EventDate "2023.07.20"]
[EventType "swiss"]
[EventRounds "7"]
[EventCountry "PAR"]
[SourceTitle "EXT 2024"]
[Source "ChessBase"]
[SourceDate "2023.10.10"]
[SourceVersion "1"]
[SourceVersionDate "2023.10.10"]
[SourceQuality "1"]

1. Nf3 Nf6 2. c4 g6 3. g3 Bg7 4. Bg2 d6 5. 0-0 0-0 6. Nc3 e5 7. d3 Nbd7 8. Rb1 Ne8 9. b4 f5 10. Bg5 Nef6 11. Qd2 Rf7 12. Nd5 c6 13. Nxf6+ Nxf6 14. b5 c5 15. Ne1 Be6 16. Nc2 Qf8 17. Bxf6 Bxf6 18. Ne3 g5 19. Nd5 Qg7 20. Rb3 Raf8 21. b6 axb6 22. Rxb6 Rd8 23. Rfb1 f4 24. a4 Rdd7 25. a5 Bd8 26. R6b5 Kh8 27. Nc3 g4 28. Be4 Bg5 29. Qe1 fxg3 30. hxg3 h5 31. e3 h4 32. R1b2 Qh6 33. Nd1 Qg7 34. Kg2 h3+ 35. Kh2 d5 36. cxd5 Bxd5 37. Qh1 Bxe4 38. Qxe4 Bd8 39. Rxc5 Qf8 40. Rxe5 Rg7 41. Re8 1-0

[Event "Titled Tuesday intern op 20th Sep Early"]
[Site "Chess.com INT"]
[Date "2022.09.20"]
[Round "8"]
[White "Belenkaya, Dina"]
[Black "Benitez Galeano, Alejandro"]
[Result "0-1"]
[WhiteElo "2280"]
[BlackElo "2161"]
[PlyCount "106"]
[EventDate "2022.09.20"]
[EventType "swiss (blitz)"]
[EventRounds "11"]
[EventCountry "USA"]
[SourceTitle "EXT 2023"]
[Source "ChessBase"]
[SourceDate "2022.10.05"]
[SourceVersion "1"]
[SourceVersionDate "2022.10.05"]
[SourceQuality "1"]

1. Nf3 d6 2. g3 g6 3. Bg2 Bg7 4. 0-0 Nf6 5. d3 0-0 6. Nbd2 Nc6 7. e4 e5 8. c3 d5 9. Qe2 Re8 10. h3 h6 11. Rd1 d4 12. c4 a5 13. b3 Qe7 14. a3 Nd7 15. Rb1 f5 16. Nh4 Qf7 17. exf5 gxf5 18. Bd5 Re6 19. Bxe6 Qxe6 20. b4 Nf6 21. Ndf3 e4 22. dxe4 Nxe4 23. Bf4 Nc3 24. Qxe6+ Bxe6 25. b5 Nd8 26. c5 Nxb1 27. Rxb1 c6 28. b6 Bd5 29. Rd1 Ne6 30. Be5 Bxf3 31. Nxf3 Rd8 32. Bd6 Bf8 33. Nxd4 Nxc5 34. Nxf5 Ne4 35. Rd4 Nxd6 36. Rg4+ Kf7 37. Nh4 Be7 38. Rf4+ Ke6 39. Ng6 Rg8 40. Nxe7 Kxe7 41. g4 Rg5 42. h4 Re5 43. Kg2 Nc8 44. Kg3 Nxb6 45. Rd4 Nd5 46. f3 Kd6 47. Rd1 Re3 48. g5 hxg5 49. hxg5 Ke5 50. Kg4 Re2 51. Rg1 Ne3+ 52. Kh5 Kf5 53. g6 Rh2# 0-1

[Event "Titled Tuesday intern op 20th Sep Early"]
[Site "Chess.com INT"]
[Date "2022.09.20"]
[Round "4"]
[White "Benitez Galeano, Alejandro"]
[Black "Musovic, Armin"]
[Result "0-1"]
[WhiteElo "2161"]
[BlackElo "2316"]
[PlyCount "78"]
[EventDate "2022.09.20"]
[EventType "swiss (blitz)"]
[EventRounds "11"]
[EventCountry "USA"]
[SourceTitle "EXT 2023"]
[Source "ChessBase"]
[SourceDate "2022.10.05"]
[SourceVersion "1"]
[SourceVersionDate "2022.10.05"]
[SourceQuality "1"]

1. d4 d5 2. Nf3 c5 3. e3 Nc6 4. b3 cxd4 5. exd4 Bg4 6. a3 Bxf3 7. gxf3 e6 8. Bb2 Qh4 9. Bd3 Nge7 10. c3 Ng6 11. Bc1 Bd6 12. Qe2 0-0 13. Bxg6 hxg6 14. Nd2 e5 15. dxe5 Bxe5 16. Qd3 Rfe8 17. Kd1 Qxf2 18. Rf1 Qc5 19. Bb2 Bf6 20. b4 Qe7 21. Kc2 Ne5 22. Qxd5 Rad8 23. Qe4 Qd7 24. Rad1 Nd3 25. Qg4 Qa4+ 26. Kb1 Nxb2 27. Kxb2 Re2 28. Qf4 Bxc3+ 29. Kxc3 Qxa3+ 30. Nb3 Rc8+ 31. Kd3 Rb2 32. Ke3 Qxb3+ 33. Rd3 Qe6+ 34. Qe4 Qh3 35. Rfd1 Qxh2 36. R1d2 Qh6+ 37. Kf2 Rxd2+ 38. Rxd2 Qxd2+ 39. Kg3 Qg5+ 0-1

[Event "Online Olym Div Top-C"]
[Site "Chess.com INT"]
[Date "2021.09.11"]
[Round "7.5"]
[White "Benitez Galeano, Alejandro"]
[Black "Mladek, Richard"]
[Result "1-0"]
[WhiteElo "2201"]
[BlackElo "2361"]
[PlyCount "113"]
[EventDate "2021.09.09"]
[EventType "team (rapid)"]
[EventRounds "9"]
[EventCountry "USA"]
[SourceTitle "CBM 204 Extra"]
[Source "ChessBase"]
[SourceDate "2021.11.30"]
[SourceVersion "1"]
[SourceVersionDate "2021.11.30"]
[SourceQuality "1"]
[WhiteTeam "Paraguay"]
[BlackTeam "Czech Republic"]
[WhiteTeamCountry "PAR"]
[BlackTeamCountry "CZE"]

1. Nf3 d5 2. c4 e6 3. e3 Nf6 4. b3 Be7 5. Bb2 0-0 6. Nc3 c5 7. cxd5 exd5 8. d4 Nc6 9. Be2 Be6 10. 0-0 Rc8 11. dxc5 Bxc5 12. Rc1 Qe7 13. Nb5 Ne4 14. Nbd4 Ba3 15. Nxc6 Rxc6 16. Rxc6 bxc6 17. Qc1 Bxb2 18. Qxb2 c5 19. Rc1 Rc8 20. Ba6 Rc6 21. Bd3 Nd6 22. Qa3 Bg4 23. Nd4 Rc7 24. Qa5 c4 25. h3 Bc8 26. Be2 g6 27. Bf3 Nb7 28. Qxd5 c3 29. Nc6 Qf6 30. Nxa7 Be6 31. Qd4 Qe7 32. Nb5 Rd7 33. Qxc3 h5 34. Qc8+ Kh7 35. Qc3 Bf5 36. Nd4 Be4 37. Bxe4 Qxe4 38. a4 Rd5 39. b4 Rg5 40. Qc6 Qe7 41. b5 Nd6 42. b6 Ra5 43. Rb1 Nb7 44. Qc7 Qe4 45. Qxf7+ Kh6 46. Rb4 Nd6 47. Qf4+ Qxf4 48. exf4 Nb7 49. g3 Kg7 50. h4 Kf6 51. Nc6 Rc5 52. Ne5 Rc2 53. Kg2 Ra2 54. Rc4 Rb2 55. Rc6+ Kf5 56. Nxg6 Na5 57. Rc5+ 1-0

[Event "Online Olym Div Top-C"]
[Site "Chess.com INT"]
[Date "2021.09.10"]
[Round "6.2"]
[White "Benitez Galeano, Alejandro"]
[Black "Bluebaum, Matthias"]
[Result "0-1"]
[WhiteElo "2201"]
[BlackElo "2639"]
[PlyCount "54"]
[EventDate "2021.09.09"]
[EventType "team (rapid)"]
[EventRounds "9"]
[EventCountry "USA"]
[SourceTitle "CBM 204 Extra"]
[Source "ChessBase"]
[SourceDate "2021.11.30"]
[SourceVersion "1"]
[SourceVersionDate "2021.11.30"]
[SourceQuality "1"]
[WhiteTeam "Paraguay"]
[BlackTeam "Germany"]
[WhiteTeamCountry "PAR"]
[BlackTeamCountry "GER"]

1. Nf3 d5 2. c4 d4 3. g3 c5 4. Bg2 Nc6 5. 0-0 e5 6. d3 Nf6 7. e3 Be7 8. exd4 exd4 9. Re1 0-0 10. Bg5 h6 11. Bxf6 Bxf6 12. Na3 Bf5 13. Nc2 Qd6 14. a3 a6 15. b4 b5 16. cxb5 axb5 17. bxc5 Qxc5 18. Rc1 Qd6 19. Nd2 Rac8 20. Qf3 Bg5 21. Rcd1 Qd7 22. h3 Bxh3 23. Bxh3 Qxh3 24. Nb3 Bf6 25. Re2 Rfd8 26. Rde1 Ne5 27. Qb7 Nxd3 0-1

[Event "Online Olym Div Top-C"]
[Site "Chess.com INT"]
[Date "2021.09.09"]
[Round "3.3"]
[White "Benitez Galeano, Alejandro"]
[Black "Salgado Lopez, Ivan"]
[Result "0-1"]
[WhiteElo "2201"]
[BlackElo "2604"]
[PlyCount "84"]
[EventDate "2021.09.09"]
[EventType "team (rapid)"]
[EventRounds "9"]
[EventCountry "USA"]
[SourceTitle "CBM 204 Extra"]
[Source "ChessBase"]
[SourceDate "2021.11.30"]
[SourceVersion "1"]
[SourceVersionDate "2021.11.30"]
[SourceQuality "1"]
[WhiteTeam "Paraguay"]
[BlackTeam "Spain"]
[WhiteTeamCountry "PAR"]
[BlackTeamCountry "ESP"]

1. Nf3 d5 2. c4 e6 3. e3 Nf6 4. b3 Bd6 5. Bb2 0-0 6. Nc3 Re8 7. d4 b6 8. Rc1 a6 9. Bd3 Bb7 10. 0-0 Nbd7 11. Re1 dxc4 12. bxc4 c5 13. Bb1 cxd4 14. exd4 Bf4 15. Rc2 Rc8 16. Qd3 Nc5 17. Qe2 Nce4 18. Nxe4 Bxe4 19. Rc3 Bxb1 20. Rxb1 Qd7 21. g3 Bc7 22. Rd1 Red8 23. Ne5 Bxe5 24. Qxe5 Qa4 25. Qe2 b5 26. c5 Rxd4 27. Rxd4 Qxd4 28. Rf3 Qe4 29. Re3 Qc4 30. Qf3 Nd5 31. Re4 Qxa2 32. Bd4 Qd2 33. Qh5 Qh6 34. Qe5 Qg6 35. c6 h5 36. Rh4 Nf6 37. Rf4 Rxc6 38. Qb8+ Kh7 39. Qb7 Rc4 40. Qf3 e5 41. Bxe5 Rxf4 42. Qxf4 Qb1+ 0-1

[Event "Online Olym Div2 E"]
[Site "Chess.com INT"]
[Date "2021.09.03"]
[Round "4.4"]
[White "Ferrufino, Boris"]
[Black "Benitez Galeano, Alejandro"]
[Result "0-1"]
[WhiteElo "2095"]
[BlackElo "2201"]
[PlyCount "80"]
[EventDate "2021.09.02"]
[EventType "team (rapid)"]
[EventRounds "9"]
[EventCountry "USA"]
[SourceTitle "CBM 204 Extra"]
[Source "ChessBase"]
[SourceDate "2021.11.30"]
[SourceVersion "1"]
[SourceVersionDate "2021.11.30"]
[SourceQuality "1"]
[WhiteTeam "Bolivia"]
[BlackTeam "Paraguay"]
[WhiteTeamCountry "BOL"]
[BlackTeamCountry "PAR"]

1. d4 d5 2. Nf3 Nf6 3. e3 e6 4. Bd3 Bd6 5. Nbd2 b6 6. Ne5 Bxe5 7. dxe5 Nfd7 8. f4 Ba6 9. 0-0 0-0 10. Nf3 f6 11. exf6 Qxf6 12. Bd2 Qxb2 13. Qe1 Bxd3 14. cxd3 Qf6 15. Bc3 Qg6 16. Rd1 c5 17. Nh4 Qf7 18. Rf3 Nc6 19. Qf2 Rae8 20. Rf1 Nf6 21. h3 e5 22. fxe5 Nxe5 23. Bxe5 Rxe5 24. Nf5 Qg6 25. Rg3 Nd7 26. Rxg6 hxg6 27. e4 gxf5 28. Qc2 fxe4 29. Rxf8+ Kxf8 30. dxe4 Rxe4 31. Qf2+ Nf6 32. Qf5 d4 33. g4 d3 34. Qc8+ Kf7 35. Qc7+ Re7 36. Qf4 Rd7 37. g5 d2 38. Qc4+ Rd5 39. gxf6 d1Q+ 40. Kf2 Qd4+ 0-1

[Event "Online Olym Div3 D"]
[Site "Chess.com INT"]
[Date "2021.08.28"]
[Round "5.3"]
[White "Rodriguez Vila, Andres"]
[Black "Benitez Galeano, Alejandro"]
[Result "1-0"]
[WhiteElo "2484"]
[BlackElo "2201"]
[PlyCount "77"]
[EventDate "2021.08.27"]
[EventType "team-tourn (rapid)"]
[EventRounds "9"]
[EventCountry "USA"]
[SourceTitle "CBM 204 Extra"]
[Source "ChessBase"]
[SourceDate "2021.11.30"]
[SourceVersion "1"]
[SourceVersionDate "2021.11.30"]
[SourceQuality "1"]
[WhiteTeam "Uruguay"]
[BlackTeam "Paraguay"]
[WhiteTeamCountry "URU"]
[BlackTeamCountry "PAR"]

1. d4 g6 2. Nc3 d5 3. Bf4 Bg7 4. Qd2 Nf6 5. Bh6 0-0 6. 0-0-0 Re8 7. Bxg7 Kxg7 8. h4 h5 9. Nf3 c6 10. e3 Bg4 11. Be2 Bxf3 12. gxf3 e5 13. dxe5 Rxe5 14. Rhg1 Nbd7 15. f4 Re8 16. f5 Ne5 17. fxg6 fxg6 18. Kb1 Qe7 19. Rg5 Kh7 20. Rdg1 Rg8 21. Qd1 Neg4 22. Bd3 Ne4 23. R1xg4 hxg4 24. Bxe4 dxe4 25. Qxg4 Rad8 26. a3 Rd6 27. h5 Re6 28. Qh4 Rg7 29. Ne2 Kg8 30. h6 Rf7 31. Nf4 Rxf4 32. exf4 Kh8 33. Qg4 Qf7 34. f5 gxf5 35. Rxf5 Qg6 36. Qf4 Qxh6 37. Qb8+ Kh7 38. Rf7+ Kg6 39. Qg8+ 1-0

[Event "Online Olym Div3 D"]
[Site "Chess.com INT"]
[Date "2021.08.27"]
[Round "1.1"]
[White "Croes, Octavio"]
[Black "Benitez Galeano, Alejandro"]
[Result "0-1"]
[WhiteElo "1794"]
[BlackElo "2201"]
[PlyCount "48"]
[EventDate "2021.08.27"]
[EventType "team-tourn (rapid)"]
[EventRounds "9"]
[EventCountry "USA"]
[SourceTitle "CBM 204 Extra"]
[Source "ChessBase"]
[SourceDate "2021.11.30"]
[SourceVersion "1"]
[SourceVersionDate "2021.11.30"]
[SourceQuality "1"]
[WhiteTeam "Aruba"]
[BlackTeam "Paraguay"]
[WhiteTeamCountry "ARN"]
[BlackTeamCountry "PAR"]

1. d4 d5 2. c4 dxc4 3. Nf3 Nf6 4. e3 b5 5. a4 b4 6. Bxc4 e6 7. 0-0 Be7 8. Qe2 0-0 9. Rd1 Bb7 10. Nbd2 c5 11. dxc5 Nbd7 12. Nb3 Qc7 13. Bd2 a5 14. Rac1 Nxc5 15. Nxc5 Bxc5 16. Bb5 Rac8 17. Nd4 Qe5 18. f4 Qb8 19. Nb3 Bb6 20. Rf1 Rfd8 21. Kh1 Ne4 22. Bd3 Rxc1 23. Rxc1 Rxd3 24. Nd4 Rxd2 0-1

[Event "Titled Tuesday intern op 22nd Sept"]
[Site "Chess.com INT"]
[Date "2020.09.22"]
[Round "4"]
[White "Benitez Galeano, Alejandro"]
[Black "Idrisova, Roza"]
[Result "1-0"]
[WhiteElo "2201"]
[BlackElo "1960"]
[PlyCount "77"]
[EventDate "2020.09.22"]
[EventType "swiss (blitz)"]
[EventRounds "10"]
[EventCountry "USA"]
[SourceTitle "CBM 198 Extra"]
[Source "ChessBase"]
[SourceDate "2020.11.30"]
[SourceVersion "1"]
[SourceVersionDate "2020.11.30"]
[SourceQuality "1"]

1. c3 d5 2. Nf3 Nf6 3. g3 Bf5 4. Bg2 e6 5. 0-0 h6 6. d3 Be7 7. Nbd2 0-0 8. Re1 c5 9. Qc2 Nc6 10. e4 Bh7 11. a4 Qc7 12. Qb3 Na5 13. Qd1 dxe4 14. dxe4 Rfd8 15. Qe2 c4 16. h3 Rac8 17. Nh2 a6 18. Nhf1 b5 19. axb5 axb5 20. Ne3 Rd3 21. h4 Rcd8 22. h5 Nc6 23. Ndf1 Ne5 24. Nc2 Qd7 25. Bf4 Nc6 26. g4 e5 27. Be3 Nxg4 28. Bh3 f5 29. exf5 Bxf5 30. Qf3 Nxe3 31. Rxe3 Bxh3 32. Rxd3 Qxd3 33. Qxc6 Qxc2 34. Ne3 Qe2 35. Ra7 Rd2 36. Qe8+ Bf8 37. Qf7+ Kh7 38. Qg6+ Kh8 39. Rf7 1-0

[Event "Online Olym Div Top-D"]
[Site "Chess.com INT"]
[Date "2020.08.23"]
[Round "7.5"]
[White "Theodorou, Nikolas"]
[Black "Benitez Galeano, Alejandro"]
[Result "1-0"]
[WhiteElo "2554"]
[BlackElo "2201"]
[PlyCount "113"]
[EventDate "2020.08.21"]
[EventType "team-tourn (rapid)"]
[EventRounds "9"]
[EventCountry "USA"]
[SourceTitle "CBM 198"]
[Source "ChessBase"]
[SourceDate "2020.10.31"]
[SourceVersion "1"]
[SourceVersionDate "2020.10.31"]
[SourceQuality "1"]
[WhiteTeam "Greece"]
[BlackTeam "Paraguay"]
[WhiteTeamCountry "GRE"]
[BlackTeamCountry "PAR"]

1. d4 d5 2. c4 dxc4 3. e4 e5 4. Nf3 exd4 5. Bxc4 Nc6 6. 0-0 Be6 7. Bb5 Bc5 8. b4 Bb6 9. a4 a6 10. Bxc6+ bxc6 11. a5 Ba7 12. Bb2 Rb8 13. Bxd4 Bxd4 14. Nxd4 Rxb4 15. Nxc6 Qxd1 16. Rxd1 Rxb1 17. Raxb1 f6 18. Rb8+ Kf7 19. Nd8+ Ke7 20. Nxe6 Kxe6 21. Rdd8 Kf7 22. Rf8+ Ke6 23. Rxg8 Rxg8 24. Rxg8 Ke5 25. Rxg7 Kxe4 26. Rxc7 Kd5 27. Ra7 Kc5 28. Rxa6 Kb5 29. Rxf6 Kxa5 30. Rh6 Kb5 31. Rxh7 Kc5 32. Re7 Kd6 33. Re3 Kd5 34. h4 Kd4 35. h5 Kc4 36. h6 Kb4 37. Kh2 Ka4 38. Kg3 Kb4 39. Kg4 Kc4 40. Kg5 Kd5 41. Kf6 Kd6 42. h7 Kd7 43. g4 Kd6 44. g5 Kd5 45. g6 Kd4 46. g7 Kd5 47. Re7 Kc5 48. f4 Kc4 49. f5 Kc3 50. Kg6 Kc2 51. f6 Kc1 52. f7 Kd2 53. Kf6 Kd1 54. h8Q Kc1 55. Qh2 Kb1 56. g8Q Ka1 57. Qgg1# 1-0

[Event "Titled Tuesday intern op 23rd June"]
[Site "Chess.com INT"]
[Date "2020.06.23"]
[Round "1"]
[White "Benitez Galeano, Alejandro"]
[Black "Chylewski, Patryk"]
[Result "0-1"]
[WhiteElo "2201"]
[BlackElo "2344"]
[PlyCount "42"]
[EventDate "2020.06.23"]
[EventType "swiss (blitz)"]
[EventRounds "10"]
[EventCountry "USA"]
[SourceTitle "CBM 197 Extra"]
[Source "ChessBase"]
[SourceDate "2020.09.30"]
[SourceVersion "1"]
[SourceVersionDate "2020.09.30"]
[SourceQuality "1"]

1. c4 e5 2. Nc3 Nc6 3. g3 g6 4. Bg2 Bg7 5. Nf3 Nge7 6. 0-0 d6 7. Rb1 0-0 8. b4 Be6 9. d3 h6 10. b5 Nb8 11. Nd2 c6 12. Ba3 Qc7 13. Qa4 Nd7 14. bxc6 bxc6 15. Nde4 Nc8 16. Qa6 f5 17. Rb7 Qd8 18. Nxd6 e4 19. Nxc8 Qxc8 20. Bxf8 Bxf8 21. Na4 Nb8 0-1

[Event "South America-ch U18 16th"]
[Site "Buenos Aires"]
[Date "2019.12.05"]
[Round "7.6"]
[White "Benitez Galeano, Alejandro"]
[Black "Veliz, Ariel"]
[Result "1/2-1/2"]
[WhiteElo "2177"]
[BlackElo "2120"]
[PlyCount "89"]
[EventDate "2019.12.01"]
[EventType "swiss"]
[EventRounds "9"]
[EventCountry "ARG"]
[SourceTitle "EXT 2024"]
[Source "ChessBase"]
[SourceDate "2023.10.10"]
[SourceVersion "1"]
[SourceVersionDate "2023.10.10"]
[SourceQuality "1"]

1. Nf3 Nf6 2. c4 b6 3. b3 Bb7 4. Bb2 c5 5. e3 e6 6. d4 cxd4 7. exd4 d5 8. Bd3 Bb4+ 9. Nbd2 0-0 10. 0-0 Nc6 11. a3 Be7 12. Re1 Rc8 13. Rc1 Qd6 14. c5 Qf4 15. b4 a6 16. cxb6 Nd7 17. Nb3 Nxb6 18. Nc5 Bxc5 19. dxc5 Nc4 20. Bxc4 dxc4 21. Qe2 Ne7 22. Rxc4 Bxf3 23. Rxf4 Bxe2 24. Rxe2 Rfd8 25. Rd4 Rxd4 26. Bxd4 Kf8 27. Kf1 Nd5 28. g3 g6 29. Rb2 Rb8 30. Be5 Rb5 31. Rc2 Ke8 32. c6 Kd8 33. Bd6 Nb6 34. Bc5 Kc7 35. Bxb6+ Rxb6 36. Ke2 g5 37. Kd3 Rb5 38. Rc4 a5 39. a4 Rd5+ 40. Rd4 axb4 41. Kc4 Rf5 42. Rd2 Kxc6 43. Kxb4 Re5 44. Ra2 Kb6 45. Kc4 1/2-1/2

[Event "PAR-ch"]
[Site "Asuncion"]
[Date "2019.11.26"]
[Round "9"]
[White "Vazquez, Guillermo"]
[Black "Benitez Galeano, Alejandro"]
[Result "1-0"]
[WhiteElo "2501"]
[BlackElo "2174"]
[PlyCount "129"]
[EventDate "2019.11.18"]
[EventType "tourn"]
[EventRounds "9"]
[EventCountry "PAR"]
[EventCategory "5"]
[SourceTitle "CBM 193 Extra"]
[Source "ChessBase"]
[SourceDate "2020.01.31"]
[SourceVersion "1"]
[SourceVersionDate "2020.01.31"]
[SourceQuality "1"]

1. e4 c5 2. Nf3 e6 3. d4 cxd4 4. Nxd4 Nc6 5. Nb5 d6 6. c4 Nf6 7. N1c3 a6 8. Na3 b6 9. Be2 Bb7 10. 0-0 Ne5 11. f3 Qc7 12. Be3 Be7 13. Rc1 0-0 14. Qd2 Kh8 15. Rfd1 Rg8 16. b4 Rad8 17. Na4 Ned7 18. Qb2 Rb8 19. Bd4 Rgc8 20. Nb1 Ne8 21. Qd2 Qd8 22. Bf1 Bg5 23. Be3 Bxe3+ 24. Qxe3 Qe7 25. a3 h6 26. Nd2 Qg5 27. f4 Qf6 28. Nf3 Qe7 29. h3 Rd8 30. Rc2 Bc6 31. Nc3 Ba8 32. Rcd2 Nf8 33. Kf2 Kg8 34. Be2 Ng6 35. f5 Nh4 36. Nd4 exf5 37. g3 f4 38. Qxf4 Ng6 39. Qe3 Nf6 40. Nf5 Qe5 41. Nxd6 Rd7 42. Bf3 Rbd8 43. c5 bxc5 44. bxc5 Rc7 45. Na4 Bc6 46. Nb6 h5 47. h4 Re7 48. Nf5 Rxd2+ 49. Rxd2 Rc7 50. Nd6 Qe6 51. Nbc4 Ne5 52. Nxe5 Qxe5 53. Qg5 Qxg5 54. hxg5 Nd7 55. Bxh5 g6 56. Ne8 Rc8 57. Bg4 Rxe8 58. Bxd7 Rd8 59. Rd6 Bxe4 60. Bg4 Rxd6 61. cxd6 Kf8 62. Ke3 Bg2 63. Be2 Bb7 64. Kd4 Ke8 65. Kc5 1-0

[Event "Asuncion Campeones"]
[Site "Asuncion"]
[Date "2019.10.08"]
[Round "7"]
[White "Melian, Juan Sebastian"]
[Black "Benitez Galeano, Alejandro"]
[Result "0-1"]
[WhiteElo "1847"]
[BlackElo "2187"]
[PlyCount "88"]
[EventDate "2019.10.03"]
[EventType "tourn"]
[EventRounds "9"]
[EventCountry "PAR"]
[SourceTitle "EXT 2020"]
[Source "ChessBase"]
[SourceDate "2019.10.17"]
[SourceVersion "1"]
[SourceVersionDate "2019.10.17"]
[SourceQuality "1"]

1. d4 d5 2. Nf3 Nf6 3. g3 Bf5 4. Bg2 c6 5. 0-0 Nbd7 6. c3 e6 7. Nh4 Bg4 8. Qc2 Be7 9. h3 Bh5 10. g4 Ng8 11. Nf3 Bg6 12. Qb3 Qc7 13. Ne5 Nxe5 14. dxe5 h5 15. g5 Bc5 16. Bf4 Ne7 17. Nd2 f6 18. Nf3 Be4 19. Bh2 f5 20. Nh4 a5 21. Kh1 a4 22. Qd1 Bxg2+ 23. Kxg2 Qb6 24. Qc2 Kf7 25. Bg3 Qb5 26. f3 Be3 27. f4 Ra6 28. Rf3 Bb6 29. Bf2 Rha8 30. Rb1 Qc4 31. a3 g6 32. Rd1 Bxf2 33. Rxf2 Rb6 34. e3 c5 35. Qe2 Qa2 36. Rd2 Ra5 37. Nf3 Rab5 38. Nh2 Qb1 39. Rc2 Nc6 40. Nf1 Na5 41. h4 Nc4 42. Ng3 Qxc2 43. Qf3 Qb1 44. Nxh5 Qe4 0-1

[Event "PAR-ch sf"]
[Site "Asuncion"]
[Date "2019.09.12"]
[Round "9"]
[White "Cantero, Rodolfo"]
[Black "Benitez Galeano, Alejandro"]
[Result "1/2-1/2"]
[WhiteElo "2116"]
[BlackElo "2113"]
[PlyCount "113"]
[EventDate "2019.09.06"]
[EventType "swiss"]
[EventRounds "9"]
[EventCountry "PAR"]
[SourceTitle "EXT 2020"]
[Source "ChessBase"]
[SourceDate "2019.10.17"]
[SourceVersion "1"]
[SourceVersionDate "2019.10.17"]
[SourceQuality "1"]

1. d4 d5 2. c4 dxc4 3. Nf3 Nf6 4. Nc3 a6 5. e4 b5 6. e5 Nd5 7. a4 e6 8. axb5 Nb6 9. bxa6 Nxa6 10. Be2 Bb7 11. 0-0 Nb4 12. Be3 N4d5 13. Nd2 Nxe3 14. fxe3 Qg5 15. Rxa8+ Bxa8 16. Rf2 Bb4 17. Nxc4 0-0 18. Nxb6 cxb6 19. Qd3 Rd8 20. Qc4 Be7 21. Qc7 Re8 22. Bf3 Qxe3 23. Qd7 Kf8 24. Nd1 Qc1 25. Bh5 Qc6 26. Qxc6 Bxc6 27. Bxf7 Rd8 28. Bxe6+ Ke8 29. Bf7+ Kd7 30. Rd2 Bg5 31. Rd3 Ke7 32. Bb3 Be4 33. Rg3 Bh6 34. Nf2 Bg6 35. d5 Bf4 36. d6+ Kd7 37. Ba4+ Ke6 38. Rb3 Ra8 39. d7 Ke7 40. Rb4 Bxe5 41. Ng4 Bd6 42. Rc4 Bc5+ 43. Kh1 Bd3 44. Rc3 Rxa4 45. d8Q+ Kxd8 46. Rxd3+ Rd4 47. Ne5 Kc7 48. Rxd4 Bxd4 49. Nd3 Kd6 50. g4 Kd5 51. b3 Ke4 52. Nb4 Bc5 53. Nc6 Kd3 54. b4 Bd6 55. b5 Ke4 56. Kg2 Kf4 57. h3 1/2-1/2

[Event "PAR-ch sf"]
[Site "Asuncion"]
[Date "2019.09.08"]
[Round "5"]
[White "Benitez Galeano, Alejandro"]
[Black "Jodorcovsky Werjivker, Paulo"]
[Result "1-0"]
[WhiteElo "2113"]
[BlackElo "2207"]
[PlyCount "93"]
[EventDate "2019.09.06"]
[EventType "swiss"]
[EventRounds "9"]
[EventCountry "PAR"]
[SourceTitle "EXT 2020"]
[Source "ChessBase"]
[SourceDate "2019.10.17"]
[SourceVersion "1"]
[SourceVersionDate "2019.10.17"]
[SourceQuality "1"]

1. Nf3 d5 2. c4 e6 3. b3 Nf6 4. Bb2 Be7 5. e3 0-0 6. Nc3 b6 7. cxd5 exd5 8. d4 Bb7 9. Bd3 Nbd7 10. 0-0 a6 11. Ne5 Bd6 12. f4 Ne4 13. Rf3 f5 14. Rh3 Ndf6 15. Ne2 Qe7 16. Qe1 g6 17. Qh4 Qg7 18. Rd1 Rae8 19. Rf3 Qe7 20. h3 Bc8 21. Rff1 Qg7 22. Nc3 Nxc3 23. Bxc3 Ne4 24. Bxe4 fxe4 25. g4 Be7 26. Qg3 Qh6 27. Be1 a5 28. Kg2 Qg7 29. Rc1 Bd6 30. Bc3 Ba6 31. Rf2 Bc8 32. Rh1 Be6 33. Kh2 Re7 34. Qh4 Ree8 35. Qg3 Bc8 36. Rhf1 Ba6 37. Rg1 Rf6 38. h4 Bc8 39. h5 Re7 40. hxg6 hxg6 41. Rh1 g5 42. Kg1 Bxe5 43. dxe5 Rc6 44. f5 Rxc3 45. f6 Qf7 46. Rh5 Rc1+ 47. Kg2 1-0